A commercial geography of foreign nations / (Record no. 35003)

MARC details
000 -LEADER
campo de control de longitud fija 00370nam a2200145 i 4500
001 - NÚMERO DE CONTROL
campo de control 35003
003 - IDENTIFICADOR DE NÚMERO DE CONTROL
campo de control ES-MaACL
007 - CAMPO FIJO DE DESCRIPCIÓN FÍSICA--INFORMACIÓN GENERAL
campo de control de longitud fija t|
008 - DATOS DE LONGITUD FIJA--INFORMACIÓN GENERAL
campo de control de longitud fija 030211s1901 xxk ||||1| eng d
100 1# - ENTRADA PRINCIPAL--NOMBRE DE PERSONA
Nombre de persona Boon, F. C.
9 (RLIN) 30323
245 10 - MENCIÓN DEL TÍTULO
Título A commercial geography of foreign nations /
Mención de responsabilidad, etc. F. C. Boon.
260 ## - PUBLICACIÓN, DISTRIBUCIÓN, ETC.
Lugar de publicación, distribución, etc. London :
Nombre del editor, distribuidor, etc. Methuen,
Fecha de publicación, distribución, etc. 1901.
300 ## - DESCRIPCIÓN FÍSICA
Extensión 172 p.
852 ## - LOCALIZACIÓN
Ubicación ES-MaACL
Número de control de estantería G-291
Holdings
Estatus retirado Estado de pérdida Estado de daño No para préstamo Biblioteca de origen Biblioteca actual Ubicación en estantería Fecha de adquisición Fuente de adquisición Total de préstamos Signatura topográfica completa Código de barras Visto por última vez Precio de reemplazo Tipo de ítem Koha
        Biblioteca del Ateneo de Madrid Biblioteca del Ateneo de Madrid Depósito 2 17/01/2008     G-291 1036588 23/02/2023 23/02/2023 Libro impreso antiguo